Statistics for Cities by Movies Set There

Click here to take the quiz!

General Stats

  • This quiz has been taken 34 times
  • The average score is 11 of 15

Answer Stats

FilmsCity% Correct
The Godfather, Breakfast At Tiffany'sNew York City
100%
Rocky, Silver Linings PlaybookPhiladelphia
88%
Good Will Hunting, SpotlightBoston
84%
Home Alone, Ferris Bueller's Day OffChicago
84%
Notting Hill, The FatherLondon
84%
Before Sunset, Moulin RougeParis
81%
Bicycle Thieves, Ben-HurRome
81%
Before Sunrise, AmadeusVienna
78%
Lost in Translation, Kill Bill Vol. 1Tokyo
75%
Chinatown, Rebel Without A CauseLos Angeles
72%
Anchorman, Top GunSan Diego
66%
Vertigo, The Joy Luck ClubSan Francisco
59%
The Girl with the Dragon Tattoo, The SquareStockholm
59%
Sing Street, Michael CollinsDublin
44%
In the Mood for Love, Police StoryHong Kong
22%

Score Distribution

Percentile by Number Answered

Percent of People with Each Score

Your Score History

You have not taken this quiz